| 000 | 00593nam a2200205 a 4500 | ||
|---|---|---|---|
| 001 | 843 | ||
| 003 | CDMR | ||
| 005 | 20131030163016.0 | ||
| 008 | 130130s2002||||||||||||||||||||||||||||d | ||
| 020 | _a8433925326 | ||
| 040 |
_aCDMR _bcat _cCDMR |
||
| 100 | 1 |
_aKapuscinski, Ryszard _9661 |
|
| 245 | 1 | 3 |
_aEl Imperio _cRyszard Kapuscinski ; traducción del polaco de Agata Orzeszek |
| 250 | _a4a ed. | ||
| 260 |
_aBarcelona _c2002 _bAnagrama |
||
| 650 | 0 | 4 |
_9797 _aReportatges literaris |
| 650 | 0 | 4 |
_94154 _aPeriodistes _xRelats personals |
| 650 | 0 | 4 |
_94229 _aUnió Soviètica _xHistòria |
| 942 |
_cMON _2udc |
||
| 999 |
_c843 _d843 |
||